Catálogo
 En Linea

Mujer e iglesia : (Registro nro. 51089)

Detalles MARC
000 -CABECERA
campo de control de longitud fija 01612nam a22002897a 4500
003 - IDENTIFICADOR DEL NÚMERO DE CONTROL
campo de control DO-SdBNP
005 - FECHA Y HORA DE LA ÚLTIMA TRANSACCIÓN
campo de control 20211206115142.0
007 - CAMPO FIJO DE DESCRIPCIÓN FÍSICA--INFORMACIÓN GENERAL
campo de control de longitud fija ta
008 - DATOS DE LONGITUD FIJA--INFORMACIÓN GENERAL
campo de control de longitud fija 211202b2018 pr a|||| |||| 00| 0 spa d
020 ## - NÚMERO INTERNACIONAL ESTÁNDAR DEL LIBRO
Número Internacional Estándar del Libro 9789945608212
040 ## - FUENTE DE LA CATALOGACIÓN
Centro catalogador/agencia de origen DO-SdBNP
Lengua de catalogación spa
Centro/agencia transcriptor BNPHU
082 #4 - NÚMERO DE LA CLASIFICACIÓN DECIMAL DEWEY
Número de edición 22
Número de documento/Ítem M953
245 00 - MENCIÓN DE TÍTULO
Título Mujer e iglesia :
Resto del título una respuesta teológica /
Mención de responsabilidad, etc. editora y compiladora ; Lydia E. Rodríguez Rodríguez ; introducción Lydia E. Rodríguez Rodríguez ; prólogo Marinés Santiago Calderón.
260 ## - PUBLICACIÓN, DISTRIBUCIÓN, ETC.
Lugar de publicación, distribución, etc. San Juan, Puerto Rico :
Nombre del editor, distribuidor, etc. Isla Negra Editores,
Fecha de publicación, distribución, etc. 2018.
300 ## - DESCRIPCIÓN FÍSICA
Extensión 114 p. :
Otras características físicas il. ;
Dimensiones 22 cm.
490 ## - MENCIÓN DE SERIE
Mención de serie Visiones y cegueras.
500 ## - NOTA GENERAL
Nota general Incluye referencias bibliográficas y notas al pie de las páginas.
500 ## - NOTA GENERAL
Nota general Incluye datos biográficos de la autora en la solapa de la cubierta.
504 ## - NOTA DE BIBLIOGRAFÍA, ETC.
Nota de bibliografía, etc. Bibliografía : p. 111-114
505 0# - NOTA DE CONTENIDO CON FORMATO
Nota de contenido con formato Introducción --
Título Prólogo --
-- Las mujeres bíblicas y sus respuestas a la vida : cotidianidad y misión /
Mención de responsabilidad Doris García Rivera --
Título Práctica pastoral de la mujer : en busca de equidad /
Mención de responsabilidad Maritza Resto Rivera --
Título Mujer e iglesia : una respuesta teológica desde el laicado /
Mención de responsabilidad Marviliz Ávila Rodríguez --
Título Mujer, iglesia y teología : un asunto de justicia /
Mención de responsabilidad Agustina Luvis Núñez --
Título Una expresión de mujer /
Mención de responsabilidad Nydia Vélez Castro, artista plástica --
590 ## - NOTA LOCAL (RLIN)
Nota local Inventariado, 2021 /LP<br/><br/>
700 1# - PUNTO DE ACCESO ADICIONAL--NOMBRE DE PERSONA
Nombre de persona Lydia E. Rodríguez Rodríguez,
Término indicativo de función/relación ed.
9 (RLIN) 80799
700 1# - PUNTO DE ACCESO ADICIONAL--NOMBRE DE PERSONA
Nombre de persona Santiago Calderón, Marinés,
Término indicativo de función/relación Pról.
9 (RLIN) 80800
700 1# - PUNTO DE ACCESO ADICIONAL--NOMBRE DE PERSONA
Nombre de persona Lydia E. Rodríguez Rodríguez,
Término indicativo de función/relación Introd.
9 (RLIN) 80799
830 #0 - PUNTO DE ACCESO ADICIONAL DE SERIE-TÍTULO UNIFORME
Título uniforme Visiones y cegueras.
9 (RLIN) 1120
942 ## - ELEMENTOS DE PUNTO DE ACCESO ADICIONAL (KOHA)
Fuente del sistema de clasificación o colocación Dewey Decimal Classification
Tipo de ítem Koha Libro
Existencias
Estado de retiro Estado de pérdida Fuente del sistema de clasificación o colocación Restricciones de uso No para préstamo Código de colección Localización permanente Ubicación/localización actual Ubicación en estantería Fecha de adquisición Fuente de adquisición Total de préstamos Signatura topográfica completa Código de barras Fecha visto por última vez Precio válido a partir de Tipo de ítem Koha Número de copia
    Dewey Decimal Classification Préstamo en sala   Monografías: Libros y Folletos Biblioteca Nacional Pedro Henríquez Ureña Dominicana Depósito 02.12.2021 Depósito Legal   M953 2021-28478 02.12.2021 02.12.2021 Libro e.3
    Dewey Decimal Classification Excluido de préstamo   Monografías: Libros y Folletos Biblioteca Nacional Pedro Henríquez Ureña Patrimonio Dominicano Depósito 02.12.2021 Depósito Legal   M953 2021-28476 02.12.2021 02.12.2021 Libro  
    Dewey Decimal Classification Excluido de préstamo   Monografías: Libros y Folletos Biblioteca Nacional Pedro Henríquez Ureña Patrimonio Dominicano Depósito 02.12.2021 Depósito Legal   M953 2021-28477 02.12.2021 02.12.2021 Libro e.2

Con tecnología Koha